Biology and the Human Sciences : The Herbert Spencer Lectures 1970 /

Herbert Spencer fue un reconocido naturalista y filósofo inglés considerado uno de los principales creadores de las teorías de la evolución y en específico del evolucionismo social (Derby 1820 – Brighton 1903). Orgulloso autodidacta, Spencer recibió su educación formal de un tío y su formación cient...

Deskribapen osoa

Gorde:
Xehetasun bibliografikoak
Egile nagusia: Pringle, J.W.S (ed. y pref.)
Formatua: Liburua
Hizkuntza:ingelesa
Argitaratua: Oxford, Inglaterra Clarendon, 1972, c1972
Gaiak:
Etiketak: Etiketa erantsi
Etiketarik gabe, Izan zaitez lehena erregistro honi etiketa jartzen!

MARC

LEADER 00000nam^a2200000^a^4500
001 000380838
005 20250521000000.0
009 20260310120624.748
020 |a 0-19-857122-4 
037 |a Acervo ITESO - Biblioteca 
041 |a ING 
082 |a 146. 7  |b SPE EST PRI 
100 |a Pringle, J.W.S.  |e (ed. y pref.) 
240 1 1 |a [Biología y las ciencias humanas] 
245 1 0 |a Biology and the Human Sciences :  |b The Herbert Spencer Lectures 1970 /  |c Ed. y pref. de J.W.S. Pringle. 
264 4 |a Oxford, Inglaterra  |b Clarendon,  |c 1972, c1972 
300 |a VIII, 139 p. 
336 |a texto  |b txt  |2 rdacontenido 
337 |a sin mediación  |b n  |2 rdamedio 
338 |a volumen  |b nc  |2 rdasoporte 
520 |a Herbert Spencer fue un reconocido naturalista y filósofo inglés considerado uno de los principales creadores de las teorías de la evolución y en específico del evolucionismo social (Derby 1820 – Brighton 1903). Orgulloso autodidacta, Spencer recibió su educación formal de un tío y su formación científica de la experiencia, sobre todo de la observación de la naturaleza en las excursiones que realizaba al campo. Su enfoque científico hacia todos los fenómenos del mundo fue un legado que recibió del ambiente intelectual en el que se movían tanto su padre como su tío, a diferencia de la formación formal que otros colegas contemporáneos habían recibido como Charles Darwin o Thomas Henry Huxley. Las investigaciones de Herbert abarcaron diversas áreas del conocimiento como la biología, la filosofía, la psicología, la antropología y la sociología. Su carrera literaria comenzó a los 16 años publicando breves artículos en una revista local acerca de temas sociales, temática que nunca dejó a un lado y que fue una de las líneas que siguió durante toda su obra. Su interés por los aspectos de la sociedad se vio reflejado en sus teorías de la evolución, que a diferencia de los postulados de Darwin, señalan que la evolución de los “órganos” se desarrolla por su uso y no por medio de la selección natural. Sus principales obras fueron: Estática social: el hombre contra el estado, El estudio de la sociología, Principios de la psicología, Educación: intelectual, moral y física. 
561 |a Ex libris de FS. LOC. AC 
649 |a XX 
650 |a Hombres -  |x Condiciones Sociales y Culturales 
650 |a Animales 
650 |a Razas 
650 |a Cultura 
650 |a Población 
650 |a Agresividad 
650 |a Control Natal 
650 |a Ecología 
650 |a Comunicación 
650 |a Evolucionismo -  |x Tema Principal 
650 |a Positivismo 
650 |a Lingüística 
650 |a Biología 
650 |a Sociobiología 
650 |a Fisiología 
650 |a Psicología 
650 |a Ciencias Naturales 
650 |a Etica 
650 |a Filosofía del Siglo XIX 
650 |a Filosofía Inglesa 
650 |a Ciencia -  |x Tema Principal 
910 |a Fondo Armando Suárez Gómez 
920 |a Impresos - Libros 
930 |a Fondos Especiales 
905 |a 111 
901 |a 0700003763  |b IT2  |c ESP  |u 20250521 
902 |a https://opac.biblio.iteso.mx/vufind/Record/000380838